[Event "GER-chT9 LI-22 Br04 email"]
[Site "GER email"]
[Date "2011.10.17"]
[Round "?"]
[White "Winz, Michael"]
[Black "Tauber, Hans"]
[Result "1/2-1/2"]
[WhiteElo "2098"]
[BlackElo "2207"]
[PlyCount "83"]
[EventDate "2011.10.23"]
[EventType "tourn (corr)"]
[EventRounds "8"]
[EventCountry "GER"]
[SourceTitle "Corr 2015"]
[Source "ChessBase"]
[SourceDate "2015.07.17"]
[SourceVersion "1"]
[SourceVersionDate "2015.07.17"]
[SourceQuality "1"]

1. d4 d5 2. c4 e6 3. Nc3 Nf6 4. Nf3 c5 5. cxd5 exd5 6. g3 Be7 7. Bg2 c4 8. 0-0 Nc6 9. b3 0-0 10. bxc4 dxc4 11. e4 Bb4 12. Qc2 Nxd4 13. Nxd4 Qxd4 14. Bb2 Qc5 15. a3 Ba5 16. Na4 Qc6 17. Rad1 Bd7 18. Nc3 Qe6 19. e5 Ng4 20. Ne2 Rac8 21. Bxb7 Rb8 22. Be4 Ba4 23. Bxh7+ Kh8 24. Qxa4 Rxb2 25. Nf4 Qh6 26. h3 g5 27. Qxa5 gxf4 28. Bf5 Qxh3 29. Bxg4 Qxg4 30. Rd8 fxg3 31. Rxf8+ Kg7 32. Rxf7+ Kxf7 33. Qc7+ Kg6 34. f4 Qh3 35. f5+ Kh6 36. Qc6+ Kh7 37. Qg6+ Kh8 38. Qf6+ Kh7 39. Qg6+ Kh8 40. Qe8+ Kh7 41. Qf7+ Kh8 42. Qf8+ 1/2-1/2

[Event "Berlin Lichtenberger op 10th"]
[Site "Berlin"]
[Date "2011.08.14"]
[Round "3"]
[White "Junge, Wolfgang"]
[Black "Winz, Michael"]
[Result "1-0"]
[WhiteElo "1776"]
[BlackElo "1684"]
[PlyCount "91"]
[EventDate "2011.08.13"]
[EventType "swiss"]
[EventRounds "9"]
[EventCountry "GER"]
[SourceTitle "CBM 143 Extra"]
[Source "ChessBase"]
[SourceDate "2011.08.29"]
[SourceVersion "1"]
[SourceVersionDate "2011.08.29"]
[SourceQuality "1"]

1. g4 e5 2. Bg2 g6 3. d4 Bg7 4. dxe5 Bxe5 5. Nf3 Bg7 6. c3 d6 7. Qb3 Ne7 8. Ng5 0-0 9. Bxb7 Bxb7 10. Qxb7 Nd7 11. Qg2 Nf6 12. h4 Qd7 13. f3 h5 14. gxh5 Nxh5 15. Ne4 Nf5 16. Qg4 Rae8 17. c4 Qe6 18. Nbc3 Nd4 19. Qxe6 Rxe6 20. Kd1 Rfe8 21. Rh2 f5 22. Ng5 R6e7 23. e3 Ne6 24. Nd5 Rd7 25. Nxe6 Rxe6 26. Rb1 c6 27. Nb4 d5 28. cxd5 cxd5 29. Nd3 Rc6 30. Bd2 d4 31. e4 fxe4 32. fxe4 Re7 33. e5 Bxe5 34. Nxe5 Rxe5 35. Re2 Rce6 36. Rxe5 Rxe5 37. Rc1 Re4 38. Bg5 Nf4 39. Rc8+ Kf7 40. Rc7+ Ke6 41. Rxa7 Ng2 42. Re7+ Kf5 43. Rxe4 Kxe4 44. a4 Ne3+ 45. Bxe3 dxe3 46. Ke2 1-0

[Event "Berlin Lichtenberger op 9th"]
[Site "Berlin"]
[Date "2010.08.15"]
[Round "9"]
[White "Trotzke, Johannes"]
[Black "Winz, Michael"]
[Result "1/2-1/2"]
[WhiteElo "1234"]
[BlackElo "1697"]
[PlyCount "79"]
[EventDate "2010.08.07"]
[EventType "swiss"]
[EventRounds "9"]
[EventCountry "GER"]
[SourceTitle "CBM 137 Extra"]
[Source "ChessBase"]
[SourceDate "2010.09.01"]
[SourceVersion "1"]
[SourceVersionDate "2010.09.01"]
[SourceQuality "1"]

1. e4 e5 2. Nf3 Nc6 3. d4 exd4 4. Nxd4 Nxd4 5. Qxd4 d6 6. Bc4 Qf6 7. Be3 Be7 8. Nc3 Qxd4 9. Bxd4 Bf6 10. Rd1 Bd7 11. Nd5 Rc8 12. 0-0 Bxd4 13. Rxd4 Be6 14. Re1 Ne7 15. Nxe7 Kxe7 16. Bxe6 fxe6 17. e5 d5 18. f4 Rhf8 19. g3 h5 20. Kg2 c5 21. Ra4 a6 22. Kh3 Rc6 23. Kh4 b5 24. Ra3 b4 25. Rf3 a5 26. Re2 Rf5 27. Kh3 c4 28. Kg2 Rf8 29. Kf1 Rcc8 30. Ke1 g5 31. Rg2 a4 32. Kd1 Rcd8 33. c3 b3 34. a3 d4 35. cxd4 Rxd4+ 36. Rd2 Rxd2+ 37. Kxd2 g4 38. Rc3 Rd8+ 39. Ke2 Rc8 40. Ke3 1/2-1/2

[Event "Berlin Lichtenberger op 9th"]
[Site "Berlin"]
[Date "2010.08.11"]
[Round "5"]
[White "Kiessling, Beate"]
[Black "Winz, Michael"]
[Result "1-0"]
[WhiteElo "1699"]
[BlackElo "1697"]
[PlyCount "151"]
[EventDate "2010.08.07"]
[EventType "swiss"]
[EventRounds "9"]
[EventCountry "GER"]
[SourceTitle "CBM 137 Extra"]
[Source "ChessBase"]
[SourceDate "2010.09.01"]
[SourceVersion "1"]
[SourceVersionDate "2010.09.01"]
[SourceQuality "1"]

1. c4 Nf6 2. g3 e5 3. Bg2 Nc6 4. Nc3 d6 5. Nf3 Be7 6. 0-0 0-0 7. b3 Bg4 8. Bb2 Qd7 9. Ng5 h6 10. Nge4 Bh3 11. Nxf6+ Bxf6 12. Nd5 Bd8 13. e3 Bxg2 14. Kxg2 Ne7 15. Nc3 Ng6 16. d4 exd4 17. exd4 Bf6 18. Nd5 Bd8 19. Re1 c6 20. Ne3 Bf6 21. Re2 Rfe8 22. Qd3 Re6 23. Rae1 Rae8 24. d5 Re4 25. Bxf6 gxf6 26. f3 R4e7 27. Qd4 Re5 28. Kf2 Qh3 29. Ng4 Rxe2+ 30. Rxe2 Rxe2+ 31. Kxe2 Qg2+ 32. Qf2 Qxf2+ 33. Kxf2 cxd5 34. Nxf6+ Kf8 35. Nxd5 Ne5 36. Ke3 Kg7 37. h3 Kg6 38. Ne7+ Kf6 39. Nc8 Nc6 40. Nxd6 b6 41. Kf4 a6 42. Ne8+ Kg6 43. h4 Nb4 44. Nc7 Nxa2 45. Nxa6 Nc3 46. g4 Ne2+ 47. Ke5 f6+ 48. Ke4 Ng3+ 49. Kd5 f5 50. c5 bxc5 51. Nxc5 fxg4 52. fxg4 Ne2 53. b4 Nc3+ 54. Ke5 Nb5 55. Ne4 Nc7 56. h5+ Kg7 57. Nd6 Na6 58. b5 Nc5 59. Kf5 Nd7 60. Nc4 Nc5 61. b6 Nb7 62. Ke6 Nc5+ 63. Ke7 Na6 64. b7 Nb8 65. Nd6 Nc6+ 66. Ke6 Nb8 67. Nf5+ Kh7 68. Kf7 Nd7 69. Ne7 Nb8 70. Nd5 Nc6 71. Nf6+ Kh8 72. Kg6 Ne5+ 73. Kxh6 Nf7+ 74. Kg6 Ne5+ 75. Kf5 Nc6 76. g5 1-0

[Event "Berlin Lichtenberger op 9th"]
[Site "Berlin"]
[Date "2010.08.07"]
[Round "1"]
[White "Noetzel, Felix"]
[Black "Winz, Michael"]
[Result "1-0"]
[WhiteElo "1966"]
[BlackElo "1697"]
[PlyCount "43"]
[EventDate "2010.08.07"]
[EventType "swiss"]
[EventRounds "9"]
[EventCountry "GER"]
[SourceTitle "CBM 137 Extra"]
[Source "ChessBase"]
[SourceDate "2010.09.01"]
[SourceVersion "1"]
[SourceVersionDate "2010.09.01"]
[SourceQuality "1"]

1. e4 e5 2. Nf3 Nc6 3. d4 exd4 4. c3 d6 5. cxd4 Be7 6. Bc4 Nf6 7. Nc3 0-0 8. 0-0 Bg4 9. Be3 a6 10. Rc1 b5 11. Bd5 Nxd5 12. Nxd5 Bd7 13. Qc2 Rc8 14. Nd2 Re8 15. f4 Nb8 16. e5 c6 17. Nc3 c5 18. dxc5 dxc5 19. Nd5 Bf8 20. Ne4 Be6 21. Nef6+ gxf6 22. Nxf6+ 1-0

[Event "GER-chT8 LH-01 Br4 email"]
[Site "GER email"]
[Date "2009.10.09"]
[Round "?"]
[White "Hanio, Josef"]
[Black "Winz, Michael"]
[Result "1/2-1/2"]
[WhiteElo "2142"]
[BlackElo "2067"]
[PlyCount "127"]
[EventDate "2009.10.15"]
[EventType "tourn (corr)"]
[EventRounds "8"]
[EventCountry "GER"]
[SourceTitle "Corr 2013"]
[Source "ChessBase"]
[SourceDate "2012.11.12"]
[SourceVersion "1"]
[SourceVersionDate "2012.11.12"]
[SourceQuality "1"]

1. e4 e5 2. Nf3 Nc6 3. d4 exd4 4. Nxd4 Nf6 5. Nxc6 bxc6 6. Bd3 d5 7. e5 Ng4 8. 0-0 Bc5 9. Qe2 Qe7 10. Bf4 g5 11. Bd2 0-0 12. Nc3 Nxe5 13. Rae1 f6 14. Qd1 g4 15. Ne2 Qf7 16. Ng3 a5 17. Bf4 Re8 18. Nf5 Kh8 19. Nh6 Qg7 20. c4 Bb4 21. Re3 dxc4 22. Bf5 Bc5 23. Rg3 Bxf5 24. Nxf5 Qg6 25. Nh4 Qf7 26. Bxe5 Rxe5 27. Rxg4 Qe6 28. g3 Rb8 29. Rf4 Bd6 30. Qd4 Rd5 31. Rxf6 Rxd4 32. Rxe6 Rd2 33. Nf5 c5 34. a4 Rdxb2 35. Nxd6 cxd6 36. Rxd6 c3 37. Rd3 Rc2 38. Rf3 c4 39. Re1 Rc8 40. Kg2 Ra2 41. Rxc3 Rxa4 42. Re5 Kg7 43. g4 Rc7 44. f4 Ra7 45. Rg5+ Kf7 46. Rh5 Kg7 47. Rg5+ Kf7 48. Rf5+ Kg7 49. Rc5 Rb4 50. R3xc4 Rxc4 51. Rxc4 a4 52. Rc2 a3 53. Ra2 Kf7 54. Kf2 Ra4 55. Kg3 Ke6 56. Kh4 Kf6 57. Kh5 Ra8 58. Kh6 Ra7 59. h4 Ra4 60. h5 Ra7 61. f5 Ke5 62. Kg5 Rg7+ 63. Kh4 Ra7 64. Kg5 1/2-1/2

[Event "GER-chT8 LH-01 Br4 email"]
[Site "GER email"]
[Date "2009.10.09"]
[Round "?"]
[White "Winz, Michael"]
[Black "Betker, Joerg"]
[Result "1/2-1/2"]
[WhiteElo "2067"]
[BlackElo "2238"]
[PlyCount "76"]
[EventDate "2009.10.15"]
[EventType "tourn (corr)"]
[EventRounds "8"]
[EventCountry "GER"]
[SourceTitle "Corr 2013"]
[Source "ChessBase"]
[SourceDate "2012.11.12"]
[SourceVersion "1"]
[SourceVersionDate "2012.11.12"]
[SourceQuality "1"]

1. d4 Nf6 2. c4 e6 3. Nf3 Bb4+ 4. Bd2 a5 5. g3 d5 6. Qc2 c5 7. cxd5 cxd4 8. Bg2 0-0 9. Nxd4 Qb6 10. e3 exd5 11. 0-0 Nc6 12. Nxc6 bxc6 13. Nc3 Be6 14. Rfc1 Rfc8 15. Na4 Qb5 16. Bc3 Nd7 17. e4 Rab8 18. b3 Bxc3 19. Qxc3 dxe4 20. Bxe4 c5 21. Nb2 a4 22. Bd3 c4 23. Bxc4 Bxc4 24. Nxc4 axb3 25. axb3 Qxb3 26. Qxb3 Rxb3 27. Nd6 Rxc1+ 28. Rxc1 Rd3 29. Rc8+ Nf8 30. Rd8 f6 31. Kf1 Rd2 32. Ke1 Ra2 33. h4 h5 34. f4 g5 35. fxg5 fxg5 36. hxg5 Ra5 37. Kf2 Rxg5 38. Rb8 Rd5 1/2-1/2

[Event "GER-chT8 LH-01 Br4 email"]
[Site "GER email"]
[Date "2009.10.09"]
[Round "?"]
[White "Winz, Michael"]
[Black "Schulz, Volker"]
[Result "1/2-1/2"]
[WhiteElo "2067"]
[BlackElo "2318"]
[PlyCount "76"]
[EventDate "2009.10.15"]
[EventType "tourn (corr)"]
[EventRounds "8"]
[EventCountry "GER"]
[SourceTitle "Corr 2013"]
[Source "ChessBase"]
[SourceDate "2012.11.12"]
[SourceVersion "1"]
[SourceVersionDate "2012.11.12"]
[SourceQuality "1"]

1. d4 Nf6 2. c4 e6 3. Nf3 Bb4+ 4. Bd2 Qe7 5. g3 Bxd2+ 6. Qxd2 Nc6 7. Nc3 d5 8. Bg2 dxc4 9. 0-0 0-0 10. Ne5 Nxe5 11. dxe5 Nd7 12. Qd4 Qb4 13. f4 Qb6 14. Rfd1 f6 15. Qxb6 Nxb6 16. a4 a5 17. Nb5 Rf7 18. Rd8+ Rf8 19. Rxf8+ Kxf8 20. exf6 gxf6 21. Nxc7 Rb8 22. Nb5 Bd7 23. Kf2 Ke7 24. Nc3 Bc6 25. Rd1 h6 26. Bxc6 bxc6 27. Rd4 c5 28. Rd2 Nd7 29. Kf3 Rb4 30. Kg4 f5+ 31. Kh5 Nf6+ 32. Kh4 Kf7 33. h3 h5 34. e3 Rb3 35. Re2 Nd5 36. e4 Nxc3 37. bxc3 fxe4 38. Rxe4 Rxc3 1/2-1/2

[Event "Berlin Lichtenberger op 8th"]
[Site "Berlin"]
[Date "2009.08.18"]
[Round "4"]
[White "Winz, Michael"]
[Black "Glase, Johan"]
[Result "1-0"]
[WhiteElo "1691"]
[BlackElo "964"]
[PlyCount "67"]
[EventDate "2009.08.15"]
[EventType "swiss"]
[EventRounds "9"]
[EventCountry "GER"]
[SourceTitle "CBM 131 Extra"]
[Source "ChessBase"]
[SourceDate "2009.09.03"]
[SourceVersion "2"]
[SourceVersionDate "2009.09.16"]
[SourceQuality "1"]

1. d4 d5 2. c4 e6 3. Nc3 Nf6 4. Nf3 Bb4 5. a3 Bxc3+ 6. bxc3 Ne4 7. Qc2 Nc6 8. e3 b6 9. Bd3 Nf6 10. 0-0 0-0 11. Re1 Ba6 12. Qa4 Bb7 13. Bd2 Ne4 14. Qc2 f5 15. cxd5 exd5 16. c4 Re8 17. cxd5 Na5 18. Bxa5 bxa5 19. Bb5 Re7 20. Bc6 Rb8 21. Ne5 Nf6 22. Bxb7 Rxb7 23. Nc6 Qd6 24. Nxe7+ Qxe7 25. Qxf5 Rb5 26. e4 c6 27. Qc8+ Ne8 28. Qxc6 Rb6 29. Qc4 Nd6 30. Qd3 Rb2 31. Re2 Rxe2 32. Qxe2 Nxe4 33. f3 Qh4 34. Qxe4 1-0

[Event "Berlin Lichtenberger op 7th"]
[Site "Berlin"]
[Date "2008.08.19"]
[Round "4"]
[White "Wendland, Frank"]
[Black "Winz, Michael"]
[Result "1/2-1/2"]
[WhiteElo "1736"]
[BlackElo "1711"]
[PlyCount "55"]
[EventDate "2008.08.16"]
[EventType "swiss"]
[EventRounds "9"]
[EventCountry "GER"]
[SourceTitle "CBM 126 Extra"]
[Source "ChessBase"]
[SourceDate "2008.11.05"]
[SourceVersion "1"]
[SourceVersionDate "2008.11.05"]
[SourceQuality "1"]

1. e4 e5 2. Nf3 Nc6 3. Bc4 d6 4. d4 exd4 5. Nxd4 Nxd4 6. Qxd4 Nf6 7. Nc3 Be7 8. 0-0 0-0 9. Be3 Be6 10. Nd5 Nxd5 11. exd5 Bf6 12. Qd2 Bd7 13. Bd4 Re8 14. Rfe1 Bxd4 15. Qxd4 Qg5 16. g3 Bh3 17. f4 Qf5 18. Bd3 Qd7 19. Kf2 Bf5 20. c4 Bxd3 21. Qxd3 Qh3 22. Kg1 h5 23. Re3 Qd7 24. Rae1 Rxe3 25. Rxe3 Re8 26. Qe2 Rxe3 27. Qxe3 b6 28. b3 1/2-1/2

[Event "Brandenburg Seniors op 16th"]
[Site "Rowy"]
[Date "2007.06.24"]
[Round "6"]
[White "Heidfeld, Christel"]
[Black "Winz, Michael"]
[Result "0-1"]
[WhiteElo "1208"]
[BlackElo "1704"]
[PlyCount "105"]
[EventDate "2007.06.18"]
[EventType "swiss"]
[EventRounds "9"]
[EventCountry "POL"]
[SourceTitle "EXT 2011"]
[Source "ChessBase"]
[SourceDate "2010.11.26"]
[SourceVersion "1"]
[SourceVersionDate "2010.11.26"]
[SourceQuality "1"]

1. d4 Nf6 2. Nf3 e6 3. Bf4 d5 4. e3 Be7 5. Bd3 0-0 6. 0-0 Nbd7 7. Nbd2 c5 8. c3 c4 9. Bc2 Nh5 10. b3 Nxf4 11. exf4 b5 12. b4 Nf6 13. Ne5 Bd6 14. Ng4 Bxf4 15. Nf3 Nxg4 16. Qe2 Qc7 17. g3 Bd6 18. Rac1 Nf6 19. Bb1 a5 20. Rfe1 axb4 21. Qb2 bxc3 22. Rxc3 b4 23. Rce3 g6 24. Qc1 Ng4 25. R3e2 f5 26. Ng5 Bd7 27. Nxe6 Bxe6 28. Rxe6 Nf6 29. Qg5 Ne4 30. Bxe4 dxe4 31. Rxg6+ hxg6 32. Qxg6+ Qg7 33. Qxd6 b3 34. axb3 cxb3 35. Kg2 Rad8 36. Qb4 Qf7 37. Qd2 Rd6 38. Qb4 Qd5 39. Kg1 f4 40. Qc3 f3 41. g4 Kh7 42. h3 Rf7 43. Rb1 Rb7 44. Qe3 b2 45. Qd2 Qxd4 46. Qc2 Qd3 47. Rxb2 Qxc2 48. Rxc2 Kg6 49. Kh2 Rbd7 50. Rc1 Rd2 51. Rf1 e3 52. Kg3 e2 53. Re1 0-1

[Event "Berlin-ch Seniors op 23rd"]
[Site "Berlin"]
[Date "2007.02.13"]
[Round "9"]
[White "Winz, Michael"]
[Black "Bremer, Helmut"]
[Result "0-1"]
[WhiteElo "1430"]
[BlackElo "1215"]
[PlyCount "38"]
[EventDate "2007.02.05"]
[EventType "swiss"]
[EventRounds "9"]
[EventCountry "GER"]
[SourceTitle "EXT 2022"]
[Source "ChessBase"]
[SourceDate "2021.10.06"]
[SourceVersion "1"]
[SourceVersionDate "2021.10.06"]
[SourceQuality "1"]

1. d4 d5 2. c4 e5 3. dxe5 d4 4. e3 Bb4+ 5. Bd2 dxe3 6. Bxb4 exf2+ 7. Ke2 fxg1N+ 8. Ke1 Qh4+ 9. g3 Nf3+ 10. Qxf3 Qd8 11. Be2 Nc6 12. Bc3 Qe7 13. Rf1 Nh6 14. e6 Bxe6 15. Bxg7 Bg4 16. Qg2 0-0-0 17. Bxh6 Nd4 18. Nc3 Nc2+ 19. Kf2 Qc5+ 0-1

[Event "Berlin-ch Seniors op 23rd"]
[Site "Berlin"]
[Date "2007.02.11"]
[Round "7"]
[White "Telianer, Mikhail"]
[Black "Winz, Michael"]
[Result "1-0"]
[WhiteElo "1401"]
[BlackElo "1430"]
[PlyCount "62"]
[EventDate "2007.02.05"]
[EventType "swiss"]
[EventRounds "9"]
[EventCountry "GER"]
[SourceTitle "EXT 2022"]
[Source "ChessBase"]
[SourceDate "2021.10.06"]
[SourceVersion "1"]
[SourceVersionDate "2021.10.06"]
[SourceQuality "1"]

1. d4 Nf6 2. Bf4 d6 3. e3 g6 4. Bc4 Bg7 5. Nf3 0-0 6. c3 Nbd7 7. Nbd2 Re8 8. Qb3 e6 9. 0-0 Nb6 10. Rfe1 Nxc4 11. Nxc4 Nh5 12. Bg5 f6 13. Bh4 g5 14. Bg3 Nxg3 15. fxg3 d5 16. Ncd2 b6 17. g4 Kh8 18. e4 dxe4 19. Rxe4 Bd7 20. Rae1 Re7 21. h4 h6 22. hxg5 fxg5 23. Ne5 Bxe5 24. Rxe5 Qf8 25. d5 Qf4 26. Nf3 Qxg4 27. c4 Rf8 28. Qc3 Rxf3 29. Rxg5+ Rxc3 30. Rxg4 Rc2 31. Rf1 Rg7 1-0

[Event "Berlin-ch Seniors op 23rd"]
[Site "Berlin"]
[Date "2007.02.10"]
[Round "6"]
[White "Winz, Michael"]
[Black "Pueschel, Gisela"]
[Result "1-0"]
[WhiteElo "1430"]
[BlackElo "1176"]
[PlyCount "93"]
[EventDate "2007.02.05"]
[EventType "swiss"]
[EventRounds "9"]
[EventCountry "GER"]
[SourceTitle "EXT 2022"]
[Source "ChessBase"]
[SourceDate "2021.10.06"]
[SourceVersion "1"]
[SourceVersionDate "2021.10.06"]
[SourceQuality "1"]

1. d4 e6 2. Nf3 b6 3. c4 Bb7 4. Nc3 h6 5. e4 d6 6. Bd3 Nd7 7. 0-0 Ne7 8. Re1 c5 9. dxc5 Nxc5 10. Bc2 e5 11. Nd5 Ng6 12. b4 Nd7 13. h3 Be7 14. Nh2 0-0 15. Ng4 Bg5 16. Nge3 Nf6 17. Nf5 Bxc1 18. Rxc1 Nxd5 19. exd5 Qf6 20. Re3 Rfe8 21. Rf3 Nf4 22. Kh2 Bc8 23. Ng3 g6 24. Ne4 Qe7 25. g3 Nxh3 26. Nf6+ Kg7 27. Nxe8+ Qxe8 28. Qf1 Ng5 29. Re3 Bh3 30. Qd1 Qd7 31. Be4 Bf5 32. Bg2 Rc8 33. Qf1 Rh8 34. f4 exf4 35. gxf4 Nh7 36. Rce1 Nf6 37. Re7 Qa4 38. Qe2 h5 39. Bh3 Bxh3 40. Kxh3 Qa3+ 41. Kg2 h4 42. Re3 Qxb4 43. Re7 Qa5 44. Rxf7+ Kxf7 45. Qe7+ Kg8 46. Qd8+ Kh7 47. Re7+ 1-0

[Event "Berlin-ch Seniors op 23rd"]
[Site "Berlin"]
[Date "2007.02.05"]
[Round "1"]
[White "Busch, Klaus1111"]
[Black "Winz, Michael"]
[Result "1-0"]
[WhiteElo "1689"]
[BlackElo "1430"]
[PlyCount "59"]
[EventDate "2007.02.05"]
[EventType "swiss"]
[EventRounds "9"]
[EventCountry "GER"]
[SourceTitle "EXT 2022"]
[Source "ChessBase"]
[SourceDate "2021.10.06"]
[SourceVersion "1"]
[SourceVersionDate "2021.10.06"]
[SourceQuality "1"]

1. c4 Nf6 2. Nc3 e6 3. e4 Bb4 4. e5 Bxc3 5. bxc3 Ne4 6. d3 Nc5 7. d4 Nca6 8. Qg4 0-0 9. Bh6 g6 10. Bxf8 Qxf8 11. h4 d6 12. f4 dxe5 13. fxe5 Nd7 14. h5 c5 15. hxg6 hxg6 16. Nf3 cxd4 17. Qh4 Qg7 18. cxd4 Nb4 19. Qe4 f5 20. Qb1 Nc6 21. Qb2 b6 22. Rd1 Bb7 23. Ng5 Qe7 24. Nf3 Na5 25. d5 exd5 26. cxd5 Nf6 27. Qd4 Nxd5 28. Be2 Rd8 29. Qh4 Qg7 30. Qxd8+ 1-0